000 00964nam a2200265 a 4500
001 73748
003 BD-RjUL
005 20211209082436.0
008 170608s1977 bg bf b 001 0 eng d
035 _a(BD-RjUL)73966
040 _aBD-RjUL
_beng
_cBD-RjUL
_dBD-RjUL
041 _aeng
082 _223
_a641.0954
_bNUT 1977
110 2 _aUniversity of Dacca.
_bInstitute of Nutrition and Food Science.
_9218485
245 1 0 _aNutrition survey of rural Bangladesh, 1975-76 /
_ceditorial committee, Kamaluddin Ahmed, Md. Nazmul Huda, Ahmed Saber
260 _aDacca :
_bInstitute of Nutrition and Food Science, University of Dacca,
_c1977
300 _aiii, 237 p.:
_bill. ;
_c29 cm
504 _aBibliographical references: p. 234-237
650 0 _aNutrition surveys
_zBangladesh
_9218320
700 1 _aKamaluddin Ahmed,
_d1928-
_958176
700 1 _aHuda, Md. Nazmul.
_9218321
700 1 _aSaber, Ahmed.
_9218322
942 _2ddc
_cBK
999 _c73748
_d73748